|
|
|
|
| LEADER |
00819nam a22002291a 4500 |
| 020 |
|
|
|c 0.00
|
| 040 |
|
|
|a SSUS - Library - Kalady
|
| 082 |
|
|
|a 821
|b MUT/N
|
| 100 |
|
|
|a Sudha Muttathu
|
| 245 |
|
|
|a Nehruvians Rajiv Gandhi
|h [Text]
|
| 260 |
|
|
|a Alappuzha
|b Kerala Panini Publications
|c 2013
|
| 300 |
|
|
|a 169p.
|
| 600 |
|
|
|a Literature English
|
| 600 |
|
|
|a Literature
|
| 600 |
|
|
|a Poetry English
|
| 852 |
|
|
|h 821
|i MUT/N
|p 072344
|9 100.00
|t 0
|
| 852 |
|
|
|h 821
|i MUT/N
|p 072343
|9 100.00
|t 0
|
| 942 |
|
|
|c BK
|
| 942 |
|
|
|c BK
|
| 999 |
|
|
|c 31080
|d 31080
|
| 952 |
|
|
|0 0
|1 0
|4 0
|6 821_000000000000000_MUT_N
|7 0
|9 44851
|a SSUS
|b SSUS
|d 2015-01-08
|g 100.00
|o 821 MUT/N
|p 072344
|r 2015-01-08
|v 0.00
|w 2015-01-08
|y BK
|
| 952 |
|
|
|0 0
|1 0
|4 0
|6 821_000000000000000_MUT_N
|7 0
|9 44852
|a SSUS
|b SSUS
|d 2015-01-08
|g 100.00
|o 821 MUT/N
|p 072343
|r 2015-01-08
|v 0.00
|w 2015-01-08
|y BK
|